00452nam a2200157Ia 4500003000400000005001700004008004100021020001800062040000900080082001900089100002400108245004900132260007200181300000900253650003200262OSt20201023111636.0190216s9999||||xx |||||||||||||| ||und|| a9780006548133 coclc a843.914bJAP/V aJaprisot, Sebastien 2aA Very Long Engagement /cSebastien Japrisot b Flamingo An Imprint Of Harper Collins Publishers ,c1995.aLondon: a312p aEnglish Novel-English Novel